A short history of astronomy : from earliest times through the nineteeth century

Αποθηκεύτηκε σε:
Λεπτομέρειες βιβλιογραφικής εγγραφής
Κύριος συγγραφέας: Berry, Arthur b.1862
Μορφή: Βιβλίο
Γλώσσα:English
Δημοσίευση: New York : Dover Publications, 1961
Θέματα:
Ετικέτες: Προσθήκη ετικέτας
Δεν υπάρχουν, Καταχωρήστε ετικέτα πρώτοι!

MARC

LEADER 00000nam a2200000 i 4500
001 1/36260
008 941103s1961 eng d
020 |a 0-486-20210-0 
035 |a 1991  |c ΒΙΒΛΙΟΘΗΚΗ  |l 10040192 
040 |a GR-MY-UA  |b gre  |e aacr 
041 0 |a eng 
082 0 |a 520.9 
100 1 |a Berry, Arthur  |d b.1862. 
245 1 2 |a A short history of astronomy :  |b from earliest times through the nineteeth century /  |c by Arthur Berry 
260 |a New York :   |b Dover Publications,   |c 1961 
300 |a xxxi, 440 p.;  |b ill.;  |c 21 cm. 
500 |a Includes indexes 
650 0 0 |a Astronomy  |x History. 
852 |a INST  |b SAMOS  |e 19941103  |h 520.9 BER  |p 005300001158  |q 005300001158  |t BK  |y 0 
909 |a Σ  |b 019040